000 00888nam0a22002531 4500
001 rc\4289124
005 20260407012815.0
021 _aRU
_b[62-92485]
035 _a(NLR Aleph) 008495212
090 _a8074296
_c8074296
100 _a20130416d1962 |||y0rusy50 ca
101 0 _arus
102 _aRU
105 _ay z |||||
200 1 _aБолезнь Боткина
_fРесп. дом сан. просвещения М-ва здравоохранения АзССР
210 _aБаку
_cБ. и.
_d1962
215 _a29 с.
_d16
606 _aГепатит эпидемический
_2psbo
712 0 2 _aАзербайджанский республиканский дом санитарного просвещения
_cБаку
_3RU\NLR\AUTH\8810000711
_9498596
801 0 _aRU
_bNLR
_gpsbo
801 1 _aRU
_bELAR
_2rusmarc
852 _aNLR
_j63-2/590
942 _cBOOK
980 _aNB